Vyvodzovanie zodpovednosti za priestupky záškoláctva obcami

Zákonný zástupca je povinný dbať o riadne plnenie povinnej školskej dochádzky dieťaťa. Záškoláctvo podľa intenzity môže mať znaky správneho deliktu (priestupku) alebo trestného činu. Obce, ktorým je zverené vyvodzovanie zodpovednosti za priestupky záškoláctva, častokrát nevedia správne a zákonne pos...

Full description

Saved in:
Bibliographic Details
Main Author: Tekeli, Jozef
Format: Book Chapter
Language:Slovak
Subjects:
Tags: Add Tag
No Tags, Be the first to tag this record!

MARC

LEADER 00000naa a2200000 4500
001 0305749
005 20241219132614.0
041 0 |a slo 
044 |a SK 
245 1 0 |a Vyvodzovanie zodpovednosti za priestupky záškoláctva obcami  |c Jozef Tekeli 
520 |a Zákonný zástupca je povinný dbať o riadne plnenie povinnej školskej dochádzky dieťaťa. Záškoláctvo podľa intenzity môže mať znaky správneho deliktu (priestupku) alebo trestného činu. Obce, ktorým je zverené vyvodzovanie zodpovednosti za priestupky záškoláctva, častokrát nevedia správne a zákonne postupovať. Článok zrozumiteľne demonštruje rozdiely medzi priestupkovou a trestnoprávnou zodpovednosťou a vysvetľuje procesné kroky, ktoré majú vykonať. 
610 2 0 |a školstvo 
610 2 0 |a výchova 
610 2 0 |a žiaci 
610 2 0 |a priestupky 
610 2 0 |a dochádzka školská povinná 
610 2 0 |a činy trestné 
610 2 0 |a zodpovednosť 
610 2 0 |a obce 
100 1 |a Tekeli, Jozef